Statistiques concernant Associez ces villes à leurs pays - Europe Occidentale

Cliquez ici pour prendre le quiz!

Statistiques générales

  • Ce quiz a été pris 153 fois
  • Le résultat moyen est 18 sur 20

Statistiques - réponses

HintRéponse% Correct
LilleFrance
95%
MarseilleFrance
95%
VeniseItalie
95%
FlorenceItalie
95%
LiverpoolRoyaume-Uni
95%
LyonFrance
93%
TurinItalie
93%
RotterdamPays-Bas
93%
BilbaoEspagne
92%
SévilleEspagne
92%
BirminghamRoyaume-Uni
92%
GenèveSuisse
92%
CologneAllemagne
91%
HambourgAllemagne
89%
AlmériaEspagne
85%
AnversBelgique
79%
LucerneSuisse
77%
NamurBelgique
72%
Fribourg-en-BrisgauAllemagne
68%
Saint-GallSuisse
68%

Distribution des résultats

Percentile par nombre de réponses

% des personnes avec chaque résultat

Votre développement - résultats

Vous n’avez pas pris ce quiz